B2B Marketing (Record no. 11755)

MARC details
000 -LEADER
fixed length control field 00444nam a22001937a 4500
003 - CONTROL NUMBER IDENTIFIER
control field OSt
008 - FIXED-LENGTH DATA ELEMENTS--GENERAL INFORMATION
fixed length control field 230127b ||||| |||| 00| 0 eng d
020 ## - INTERNATIONAL STANDARD BOOK NUMBER
International Standard Book Number 9788131520796
082 ## - DEWEY DECIMAL CLASSIFICATION NUMBER
Classification number 658.804 HUB
100 ## - MAIN ENTRY--PERSONAL NAME
Personal name HUTT,Michael D
245 ## - TITLE STATEMENT
Title B2B Marketing
250 ## - EDITION STATEMENT
Edition statement 11th Ed
260 ## - PUBLICATION, DISTRIBUTION, ETC. (IMPRINT)
Place of publication, distribution, etc New Delhi
Name of publisher, distributor, etc Cengage
Date of publication, distribution, etc 2022
300 ## - PHYSICAL DESCRIPTION
Extent 522
650 ## - SUBJECT ADDED ENTRY--TOPICAL TERM
Topical term or geographic name as entry element B2B Marketing
700 ## - ADDED ENTRY--PERSONAL NAME
Personal name SHARMA,Dheeraj
700 ## - ADDED ENTRY--PERSONAL NAME
Personal name SPEH,Thomas W
942 ## - ADDED ENTRY ELEMENTS (KOHA)
Source of classification or shelving scheme Dewey Decimal Classification
Koha item type Reference Books
Holdings
Withdrawn status Lost status Source of classification or shelving scheme Damaged status Not for loan Collection code Home library Current library Date acquired Source of acquisition Currency Cost, normal purchase price Bill Number Total Checkouts Full call number Acc. no. / Barcode Date last seen Actual Cost, discounted price Bill Date Koha item type
    Dewey Decimal Classification     MBA PIET C-LIBRARY PIET C-LIBRARY 28/12/2022 International Book Centre IN Rupees 999.00 IB/IN/927   658.804 HUB 34421 27/01/2023 699.30 28/12/2022 Reference Books

Design & Developed by: PIET Central Library
R70 Miles Stone Pattikalyana Samalkha Panipat 132102
mail ID :- [email protected], Phone No:- 0180-2569700 Ex.216